| 000 | 00680nam a2200217 u 4500 | ||
|---|---|---|---|
| 005 | 20230524064147.0 | ||
| 008 | 091123s2002 r 000 0 eng d | ||
| 020 | _a8446011689 | ||
| 035 | _aUPN01000173905 | ||
| 049 | _aCG | ||
| 050 | 4 |
_aBL783 _bI7.2 |
|
| 100 | 1 | _aIriarte Goñi, Ana | |
| 245 | 1 | 0 |
_aDe amazonas a ciudadanos : _bpretexto ginecocrático y patriarcado en la Grecia antigua / _cAna Iriarte Goñi. |
| 260 |
_aMadrid : _bAkal, _c2002. |
||
| 300 |
_a202 p. : _bil. |
||
| 440 | 0 |
_aAkal universitaria. _pInterdisciplinar ; _v226 |
|
| 650 | 4 |
_aMitología griega _99574 |
|
| 650 | 4 |
_aMATRIARCADO _915602 |
|
| 650 | 7 |
_aMujeres en la literatura _2 _92269 |
|
| 905 | _aLibro | ||
| 999 |
_c146009 _d146009 |
||